Welcome to the Holygrace Academy Library

Please use search bar below to get started

A TREASURE OF TALES (Record no. 3853)

MARC details
000 -LEADER
fixed length control field 00340nam a22001457a 4500
020 ## - INTERNATIONAL STANDARD BOOK NUMBER
ISBN 81-219-1630-1
082 ## - DEWEY DECIMAL CLASSIFICATION NUMBER
Classification number 823
Item number NAT/T
100 ## - MAIN ENTRY--AUTHOR NAME
Personal name NATH, PRATIBHA
245 ## - TITLE STATEMENT
Title A TREASURE OF TALES
Remainder of title SHORT STORY
260 ## - PUBLICATION, DISTRIBUTION, ETC. (IMPRINT)
Place of publication NEW DELHI
Name of publisher S.CHAND & COMPANY LTD
Year of publication 2001
300 ## - PHYSICAL DESCRIPTION
Number of Pages 172
520 ## - SUMMARY, ETC.
Summary, etc SHORT STORY
650 ## - SUBJECT ADDED ENTRY--TOPICAL TERM
Topical Term SHORT STORY
942 ## - ADDED ENTRY ELEMENTS (KOHA)
Koha item type Books

No items available.